What's in a Disney Name? II Quiz Stats

 Plays Quiz Updated Jun 4, 2018

Challenge
Share
Tweet
Embed
Score 0/20 Timer 03:00
2 Plays Today
% Correct
Duchess
93.5%
Penny
92.8%
Bashful
92.2%
Godmother
92.1%
Darling
92.1%
Piglet
92%
Banzai
90.8%
Chip
90.7%
Flower
89.6%
Stromboli
89.3%
% Correct
Pain
89.2%
Stitch
88.2%
Flounder
86.3%
Flotsam
83.4%
Flora
83.2%
Pascal
81.4%
Tuck
80.3%
Dale
78.6%
Calliope
76.9%
Hook
74.4%

You're not logged in!

Compare scores with friends on all Sporcle quizzes.
Join for Free
OR
Log In

You Might Also Like...

Show Comments

Extras

Top Quizzes Today


Score Distribution

Your Account Isn't Verified!

In order to create a playlist on Sporcle, you need to verify the email address you used during registration. Go to your Sporcle Settings to finish the process.

Report this User

Report this user for behavior that violates our Community Guidelines.

Details: